| 000 | 00782nac a22002411i 4500 | ||
|---|---|---|---|
| 003 | EG-ScBUE | ||
| 005 | 20240820122231.0 | ||
| 008 | 090125s2007 stka f d 000 0 eng d | ||
| 020 | _a9780550100719 | ||
| 040 |
_aEG-ScBUE _beng _erda _cEG-ScBUE _dEG-ScBUE |
||
| 082 | 0 | 4 |
_a503 _bCHA _222 |
| 245 | 0 | 0 |
_aChambers dictionary of science and technology / _cgeneral editor John Lackie. |
| 264 | 1 |
_aEdinburgh : _bChambers, _c2007. |
|
| 300 |
_axi, 1363 pages ; _billustrations ; _c26 cm |
||
| 336 |
_2rdacontent _atext _btxt |
||
| 337 |
_aunmediated _2rdamedia _bn |
||
| 338 |
_avolume _bnc _2rdacarrier |
||
| 500 | _aIncludes Appendices. | ||
| 650 | 7 |
_aScience _vDictionaries. _2BUEsh _920275 |
|
| 655 | _vReading book | ||
| 700 | 1 |
_aLackie, John, _eeditor. _91841 |
|
| 942 |
_cREFERENCE _2ddc |
||
| 999 |
_c10392 _d10392 |
||